| 000 | 01136nam a2200373 i 4500 | ||
|---|---|---|---|
| 001 | 38917 | ||
| 003 | KOSZ 005 | ||
| 005 | 20191206110902.0 | ||
| 008 | 010315s2000 pl a f f |000 0 pol | ||
| 015 | _aPB 2001/5450 | ||
| 020 | _a8385718494 | ||
| 035 | _a(OCoLC)297547674 | ||
| 040 |
_aWA N _cWA N _dKOSZ 005/HR |
||
| 041 | 0 | _apol | |
| 046 | _k2000 | ||
| 080 | _a53 | ||
| 080 | _a(075.8) | ||
| 100 | 1 |
_aKleszczewski, Zygmunt _d(1943- ). _eAutor |
|
| 245 | 1 | 0 |
_aFizyka klasyczna / _cZygmunt Kleszczewski. |
| 250 | _aWyd. 3 popr. | ||
| 260 |
_aGliwice : _bWydaw. Politechniki Śląskiej, _c2000. |
||
| 300 |
_a517, [1] s. : _bil. ; _c24 cm. |
||
| 380 | _aKsiążki. | ||
| 385 |
_mPoziom nauczania _aSzkoły wyższe |
||
| 388 | _a1901-2000 | ||
| 504 | _aBibliogr. | ||
| 521 | 8 | _aPodręcznik akademicki. | |
| 658 | _aFizyka i astronomia | ||
| 655 | 4 | _aPodręczniki akademickie | |
| 650 | 4 | _aFizyka | |
| 710 | 2 |
_aPolitechnika Śląska (Gliwice) _bWydawnictwo _4pbl. |
|
| 856 |
_uhttp://koha.tu.koszalin.pl/cgi-bin/koha/opac-detail.pl?biblionumber=38917 _yKatalog online BPK |
||
| 942 |
_2UKD _cKS |
||
| 999 |
_c38917 _d38917 |
||